Urheilutrivia #2 - Statistics

Yleistilastot
  • Tätä visaa on pelattu 85 kertaa
  • Keskiarvotulos 7 / 16
Vastaustilastot
vihje vastaus % Oikein
Baltian maa, jossa jääkiekko on suosituin urheilulaji Latvia
92%
Suomalainen 9-kertainen olympiavoittaja Paavo Nurmi
90%
Kansainvälinen jalkapalloliitto eli... FIFA
88%
Suomen salibandyn korkein sarjataso F-liiga
64%
Jääkiekon MM-isäntämaa 2026 Sveitsi
58%
Suomen historian nuorin olympiaedustaja Heili Sirviö
52%
Ensimmäinen suomalainen NBA-päävalmentaja Tuomas Iisalo
49%
Lentopallon hallitseva miesten maailmanmestari Italia
48%
Edellä mainitun kotimaa Etelä-Afrikka
33%
Kaikkien aikojen paras baseball-pelaaja Babe Ruth
32%
Wimbledonin miesten kaksinpelin voittaja 2025 Jannik Sinner
30%
Helsingin olympialaisten kestävyysjuoksukuningas Emil Zátopek
26%
Kesäolympialaisten 2032 isäntäkaupunki Brisbane
18%
400 metrin ME-mies Wayde van Niekerk
15%
Pituushypyn olympiaennätyksen haltija Bob Beamon
10%
Ainoa NHL-kaukaloon kuollut pelaaja Bill Masterton
0%
Ehtoja vastaavia visoja ei löytynyt
Tulosjakauma
Jokaisen tuloksen saaneiden osuus
Persentiili vastausten määrän mukaan
Tuloshistoriasi
Et ole pelannut tätä visaa